Statistics for English Football Clubs with International Trophy

Click here to take the quiz!

General Stats

  • This quiz has been taken 219 times
    (212 since last reset)
  • The average score is 12 of 14

Answer Stats

UCLUELUSCFCWC/ICClub% Correct
5330Liverpool
100%
3112Manchester United
100%
0200Arsenal
99%
1310Chelsea
98%
1110Aston Villa
93%
2010Nottingham Forest
92%
0300Tottenham Hotspur
92%
0100Manchester City
89%
0100Everton
81%
0200Newcastle United
80%
0200Leeds United
76%
0200West Ham United
72%
0100Ipswich Town
51%
0100Fulham
39%

Score Distribution

Percentile by Number Answered

Percent of People with Each Score

Your Score History

You have not taken this quiz since the last reset